Pays non frontaliers de la France ayant une frontière commune - Statistiques

Statistiques générales
  • Ce quiz a été pris 148 fois
    99 depuis la dernière actualisation
  • Le résultat moyen est 15 sur 19
Statistiques - réponses
Réponse % Correct
Portugal
98%
Autriche
94%
Pologne
94%
République tchèque
92%
Danemark
91%
Slovénie
91%
Liechtenstein
89%
Argentine
87%
Vatican
82%
Bolivie
79%
Uruguay
79%
Venezuela
78%
Colombie
77%
Paraguay
77%
Saint Marin
77%
Perou
76%
Guyana
74%
Royaume Uni
54%
Maroc
53%
Aucun quiz correspondant
Distribution des résultats
% des personnes avec chaque résultat
Percentile par nombre de réponses
Votre historique - résultats
Vous n’avez pas pris ce quiz depuis la dernière actualisation